000 00383 a2200121 4500
001 ART_17725
005 20260410161924.0
008 260409a
245 1 0 _aEfficient wage bargains under uncertain supply and demand
100 1 _aHall, Robert E.
700 1 _aLilien, David M.
773 0 _tThe American Economic Review
_g- Vol. 69, NÂș 5 (dic. 1979)
_wREV16190
999 _c27968
_d27968